[Event "Cracovia 2010"]
[Site "Krakow"]
[Date "2010.12.27"]
[Round "1.1"]
[White "Malec, Sebastian"]
[Black "Zubov, Alexander"]
[Result "0-1"]
[WhiteElo "2210"]
[BlackElo "2574"]
[PlyCount "68"]
[EventDate "2010.??.??"]

1. e4 c5 2. Nf3 e6 3. d4 cxd4 4. Nxd4 a6 5. Nc3 Qc7 6. Bd3 Bc5 7. Nb3 Be7 8.
O-O Nf6 9. f4 d6 10. e5 dxe5 11. fxe5 Qxe5 12. Bf4 Qh5 13. Be2 Qh4 14. g3 Qh3
15. Bg5 Nbd7 16. Rf4 e5 17. Rh4 Qe6 18. Bc4 Qc6 19. Be3 b6 20. Qe2 Bb7 21. Rd1
Qh1+ 22. Kf2 Qg2+ 23. Ke1 O-O 24. Bg5 Qxe2+ 25. Kxe2 Rfd8 26. a4 h6 27. Be3
Rac8 28. Nd2 Nc5 29. Rf1 Nd5 30. Rh5 Nxc3+ 31. bxc3 Bf6 32. Bxh6 Nxa4 33. Bd3
Nxc3+ 34. Ke3 gxh6 0-1

[Event "Cracovia 2010"]
[Site "Krakow"]
[Date "2010.12.27"]
[Round "1.2"]
[White "Jakubiec, Artur"]
[Black "Kulon, Klaudia"]
[Result "1-0"]
[WhiteElo "2547"]
[BlackElo "2208"]
[PlyCount "85"]
[EventDate "2010.??.??"]

1. Nf3 Nf6 2. c4 c5 3. Nc3 d5 4. cxd5 Nxd5 5. g3 Nc6 6. Bg2 Nc7 7. O-O e5 8. a3
Be6 9. b4 f6 10. bxc5 Bxc5 11. Rb1 Rb8 12. Qa4 O-O 13. Rxb7 Rxb7 14. Qxc6 Bxf2+
15. Rxf2 Rb6 16. Qc5 Qd7 17. Nxe5 Qd6 18. Qxd6 Rxd6 19. Nc6 Bd7 20. Ne7+ Kf7
21. Ned5 Nxd5 22. Bxd5+ Be6 23. e4 Rc8 24. a4 Bxd5 25. exd5 Rb6 26. Ba3 Rb3 27.
Bd6 Re8 28. Kf1 a6 29. h4 Rb2 30. Bc7 Rc2 31. d6 Rc1+ 32. Kg2 Ke6 33. Re2+ Kd7
34. Rxe8 Kxe8 35. Kf2 Kd7 36. a5 Kc6 37. Nd5 Rd1 38. Ke2 Rg1 39. Nb4+ Kd7 40.
Nxa6 Rg2+ 41. Kd1 Rxg3 42. Nb8+ Kc8 43. Bb6 1-0

[Event "Cracovia 2010"]
[Site "Krakow"]
[Date "2010.12.27"]
[Round "1.3"]
[White "Swiech, Przemyslaw"]
[Black "Tazbir, Marcin"]
[Result "0-1"]
[WhiteElo "2207"]
[BlackElo "2527"]
[PlyCount "76"]
[EventDate "2010.??.??"]

1. d4 Nf6 2. c4 g6 3. Nc3 Bg7 4. Nf3 O-O 5. g3 d5 6. Bg2 dxc4 7. O-O Nbd7 8. e4
Nb6 9. h3 c6 10. Qe2 h6 11. Be3 Be6 12. Rad1 Qc8 13. Kh2 Nfd7 14. Nh4 g5 15. d5
gxh4 16. dxe6 fxe6 17. Qg4 hxg3+ 18. Kh1 gxf2 19. Bxh6 Rf7 20. Rxf2 Nf6 21. Qg6
e5 22. Rg1 Kf8 23. Be3 Qe6 24. Bf1 Ke8 25. Rf5 Nbd7 26. Be2 Nf8 27. Qg2 b5 28.
Rxf6 Rxf6 29. Bh5+ Kd8 30. Kh2 Bh6 31. Bxh6 Rxh6 32. Rf1 Kc7 33. Bg4 Qd6 34. a4
b4 35. Nd1 Rf6 36. Re1 Rd8 37. Ne3 Qc5 38. Qe2 Rd3 0-1

[Event "Cracovia 2010"]
[Site "Krakow"]
[Date "2010.12.27"]
[Round "1.4"]
[White "Miron, Lucian-Costin"]
[Black "Lach, Aleksandra"]
[Result "1-0"]
[WhiteElo "2496"]
[BlackElo "2206"]
[PlyCount "113"]
[EventDate "2010.??.??"]

1. d4 Nf6 2. c4 g6 3. g3 Bg7 4. Bg2 O-O 5. Nc3 d6 6. Nf3 Nbd7 7. O-O c5 8. d5
a6 9. a4 Ne8 10. Bf4 Rb8 11. e4 Ne5 12. Nxe5 dxe5 13. Be3 Qc7 14. a5 Bd7 15.
Na4 Bxa4 16. Qxa4 Nd6 17. b4 cxb4 18. Rfc1 f5 19. Qxb4 f4 20. Bb6 Qc8 21. Qb3
Qg4 22. h3 Qg5 23. g4 f3 24. Bxf3 h5 25. Bg2 hxg4 26. Qg3 Rbc8 27. Be3 Qf6 28.
hxg4 g5 29. c5 Nb5 30. Rab1 Qg6 31. f3 Qf6 32. Qf2 Rf7 33. Qd2 Bh6 34. Kf2 Qg6
35. Rb4 Kg7 36. Bf1 Qf6 37. Be2 Kg8 38. Kg2 Kg7 39. Qd1 Kh7 40. Bxb5 axb5 41.
Rxb5 Rcf8 42. Qe2 Qa6 43. Rf1 Kg7 44. Qb2 Kh7 45. Rf2 Re8 46. Rxb7 Qxa5 47. Qb5
Qd8 48. c6 Ref8 49. c7 Qc8 50. Kg3 Kg7 51. Qb6 Rf6 52. Qa7 Qd7 53. Rb8 Rc8 54.
Rxc8 Qxc8 55. Qc5 Rd6 56. Qc3 Kh7 57. Rh2 1-0

[Event "Cracovia 2010"]
[Site "Krakow"]
[Date "2010.12.27"]
[Round "1.5"]
[White "Obrusnik, Michal"]
[Black "Gavrilov, Alexei"]
[Result "0-1"]
[WhiteElo "2204"]
[BlackElo "2488"]
[PlyCount "38"]
[EventDate "2010.??.??"]

1. e4 e5 2. Nf3 Nc6 3. Nc3 Nf6 4. a3 g6 5. d4 exd4 6. Nxd4 Bg7 7. Nxc6 bxc6 8.
Bc4 O-O 9. O-O Re8 10. Qf3 d6 11. h3 Be6 12. Bxe6 Rxe6 13. Bg5 Qe8 14. Rae1 Nd7
15. Bd2 Qe7 16. Qg3 Re8 17. f3 Bd4+ 18. Kh1 Nf6 19. Qg5 Nh5 0-1

[Event "Cracovia 2010"]
[Site "Krakow"]
[Date "2010.12.27"]
[Round "1.6"]
[White "Starostits, Ilmars"]
[Black "Jakubiec, Edyta"]
[Result "1-0"]
[WhiteElo "2488"]
[BlackElo "2189"]
[PlyCount "29"]
[EventDate "2010.??.??"]

1. e4 c5 2. Nc3 Nc6 3. g3 g6 4. Bg2 Bg7 5. d3 d6 6. f4 e5 7. Nh3 Nge7 8. f5
gxf5 9. Qh5 Nd4 10. Ng5 Rf8 11. Qxh7 Nxc2+ 12. Kd1 Nxa1 13. Qxg7 Kd7 14. Nh7
Rh8 15. Bg5 1-0

[Event "Cracovia 2010"]
[Site "Krakow"]
[Date "2010.12.27"]
[Round "1.7"]
[White "Martynov, Pavel"]
[Black "Soffer, Ram"]
[Result "1/2-1/2"]
[WhiteElo "2183"]
[BlackElo "2486"]
[PlyCount "103"]
[EventDate "2010.??.??"]

1. e4 e6 2. d4 d5 3. Nd2 Be7 4. Ngf3 Nf6 5. e5 Nfd7 6. Bd3 c5 7. c3 b6 8. Qe2
a5 9. a4 Ba6 10. Bb5 Qc8 11. Nf1 Nc6 12. Ng3 cxd4 13. cxd4 Nb4 14. O-O Bxb5 15.
axb5 Qc2 16. Bd2 Qd3 17. Rfc1 Qxe2 18. Nxe2 Nd3 19. Rc2 f6 20. exf6 gxf6 21.
Nf4 Nxf4 22. Bxf4 Kf7 23. Rc6 Bb4 24. Rac1 Rhe8 25. Rc7 Re7 26. R1c6 a4 27. g4
Ra5 28. g5 Rxb5 29. gxf6 Nxf6 30. Ne5+ Kg7 31. Rxe7+ Bxe7 32. Rc7 Ng8 33. Nc6
Rxb2 34. Nxe7 Nxe7 35. Rxe7+ Kf6 36. Ra7 b5 37. f3 h5 38. h4 Kg6 39. Be5 Rc2
40. Bd6 Rc4 41. Kg2 Rxd4 42. Kg3 Rd3 43. Kf4 Rb3 44. Bf8 d4 45. Ke4 Re3+ 46.
Kxd4 Rxf3 47. Rg7+ Kf6 48. Rb7 e5+ 49. Kc5 Rf4 50. Kxb5 Ke6 51. Rb6+ Kf7 52.
Bd6 1/2-1/2

[Event "Cracovia 2010"]
[Site "Krakow"]
[Date "2010.12.27"]
[Round "1.8"]
[White "Bulski, Krzysztof"]
[Black "Kumor, Lukasz"]
[Result "1-0"]
[WhiteElo "2470"]
[BlackElo "2178"]
[PlyCount "87"]
[EventDate "2010.??.??"]

1. e4 e6 2. d4 d5 3. Nd2 Nf6 4. e5 Nfd7 5. Bd3 c5 6. c3 Nc6 7. Ne2 cxd4 8. cxd4
Qb6 9. Nf3 f6 10. exf6 Nxf6 11. O-O Bd6 12. b3 O-O 13. Bf4 Ne4 14. Bxd6 Nxd6
15. Rc1 Bd7 16. Bb1 Rf6 17. Ne5 Be8 18. Rc3 Nf5 19. Nxc6 Bxc6 20. a4 Be8 21.
Qd2 Bh5 22. Nf4 Be8 23. Bxf5 Rxf5 24. Rfc1 Bd7 25. a5 Qd6 26. Nd3 Raf8 27. Ne5
Rxf2 28. Qxf2 Rxf2 29. Kxf2 Bc6 30. a6 Qb4 31. Ke3 h6 32. h4 h5 33. Nf3 Qa3 34.
axb7 Bxb7 35. Ng5 g6 36. Rc7 Qxb3+ 37. Kf4 Ba6 38. Re7 Bc4 39. Re8+ Kg7 40. Re1
Qb4 41. R1xe6 Qd2+ 42. Kg3 Qc3+ 43. Re3 Qb4 44. R3e7+ 1-0

[Event "Cracovia 2010"]
[Site "Krakow"]
[Date "2010.12.27"]
[Round "1.9"]
[White "Szuper, Paul"]
[Black "Sharapov, Evgeny"]
[Result "0-1"]
[WhiteElo "2174"]
[BlackElo "2468"]
[PlyCount "80"]
[EventDate "2010.??.??"]

1. d4 Nf6 2. Nf3 c5 3. d5 b5 4. c4 g6 5. cxb5 a6 6. bxa6 Bxa6 7. g3 Bg7 8. Bg2
d6 9. O-O Nbd7 10. Nc3 Nb6 11. Re1 O-O 12. Rb1 Bc4 13. e4 Bxa2 14. Nxa2 Rxa2
15. b4 Nfd7 16. e5 cxb4 17. exd6 exd6 18. Bg5 Qc7 19. Nd4 Qc5 20. Re2 Rxe2 21.
Nxe2 Re8 22. Be3 Rxe3 23. fxe3 Qxe3+ 24. Kh1 Nc5 25. Rxb4 Nd3 26. Rf4 Nxf4 27.
Nxf4 Bd4 28. Bf3 Nc4 29. Kg2 Qf2+ 30. Kh3 Ne5 31. Be2 h5 32. Qf1 Qe3 33. Nd3
Nd7 34. Qf3 Qd2 35. Qe4 Be5 36. Qf3 Kg7 37. Qf1 Nf6 38. Bf3 g5 39. Be2 g4+ 40.
Kg2 Nxd5 0-1

[Event "Cracovia 2010"]
[Site "Krakow"]
[Date "2010.12.27"]
[Round "1.10"]
[White "Shishkin, Vadim"]
[Black "Veltkamp, Gerben"]
[Result "0-1"]
[WhiteElo "2458"]
[BlackElo "2171"]
[PlyCount "62"]
[EventDate "2010.??.??"]

1. d4 d5 2. c4 c6 3. Nf3 Nf6 4. e3 a6 5. Nbd2 Bg4 6. Be2 e6 7. O-O Nbd7 8. b3
Bd6 9. Bb2 Qb8 10. h3 Bf5 11. Rc1 h6 12. Ne1 O-O 13. c5 Bh2+ 14. Kh1 Bc7 15. g4
Be4+ 16. f3 Ba5 17. Rg1 Bg6 18. Nd3 Bc7 19. f4 Ne4 20. Nxe4 Bxe4+ 21. Bf3 Qd8
22. g5 hxg5 23. Rxg5 f6 24. Rg2 f5 25. Bxe4 fxe4 26. Qg4 Qf6 27. Nf2 Rae8 28.
Rcg1 Re7 29. Qh5 Qf5 30. Rg5 Qh7 31. Qe2 Rf5 0-1

[Event "Cracovia 2010"]
[Site "Krakow"]
[Date "2010.12.27"]
[Round "1.11"]
[White "Mucha, Roman"]
[Black "Sieciechowicz, Marcin"]
[Result "0-1"]
[WhiteElo "2166"]
[BlackElo "2446"]
[PlyCount "80"]
[EventDate "2010.??.??"]

1. d4 d5 2. Nf3 Nf6 3. c4 c6 4. e3 Bf5 5. Qb3 Qc7 6. cxd5 cxd5 7. Bb5+ Nc6 8.
Bd2 e6 9. Bb4 Bd6 10. Bxd6 Qxd6 11. Qa3 Qxa3 12. Nxa3 Ke7 13. Rc1 Rhc8 14. Bxc6
Rxc6 15. Rxc6 bxc6 16. Ne5 Rc8 17. Ke2 Nd7 18. Nxd7 Kxd7 19. Rc1 Rb8 20. b3 Rb6
21. Nb1 Bxb1 22. Rxb1 Kd6 23. Rc1 Rb5 24. Kd3 a5 25. Kc3 c5 26. a4 Rb8 27. Kb2
c4 28. Rc3 e5 29. Ka3 exd4 30. exd4 Rb4 31. bxc4 dxc4 32. Rf3 Kd5 33. Rxf7 c3
34. Rd7+ Kc4 35. d5 Kd3 36. Rc7 Rd4 37. Kb3 Kd2 38. Rc5 Rb4+ 39. Ka3 c2 40.
Rxa5 Rc4 0-1

[Event "Cracovia 2010"]
[Site "Krakow"]
[Date "2010.12.27"]
[Round "1.12"]
[White "Gagarin, Vasilij"]
[Black "Lohou, Stephane"]
[Result "1-0"]
[WhiteElo "2435"]
[BlackElo "2165"]
[PlyCount "89"]
[EventDate "2010.??.??"]

1. d4 Nf6 2. c4 g6 3. Nc3 d5 4. Nf3 Bg7 5. Bg5 Ne4 6. Bh4 c5 7. cxd5 Qa5 8. Qd3
Bf5 9. Qb5+ Qxb5 10. Nxb5 Na6 11. a3 Rd8 12. e3 Rxd5 13. Bc4 Rd8 14. O-O Nd6
15. Nxd6+ Rxd6 16. Rac1 Rb6 17. Bxa6 bxa6 18. Rxc5 Rxb2 19. Rc7 f6 20. Rxa7 Kf7
21. h3 Rc8 22. Rd1 Rb6 23. d5 Rd8 24. Bg3 Rd7 25. Rxd7 Bxd7 26. Rd3 Bf5 27. Rd4
Bd7 28. Rc4 Rb7 29. Nd4 f5 30. Nc6 Ke8 31. Nb4 Bb2 32. Nxa6 Bxa3 33. Nc7+ Kf7
34. Be5 Bb2 35. Bxb2 Rxb2 36. g4 Kf6 37. Kg2 Rb7 38. gxf5 gxf5 39. f4 Rb2+ 40.
Kf3 Rd2 41. Rd4 Rc2 42. Na6 e5 43. fxe5+ Kxe5 44. Nb4 Rc1 45. Nd3+ 1-0

[Event "Cracovia 2010"]
[Site "Krakow"]
[Date "2010.12.27"]
[Round "1.13"]
[White "Koykka, Pekka"]
[Black "Brodowski, Piotr"]
[Result "0-1"]
[WhiteElo "2142"]
[BlackElo "2417"]
[PlyCount "62"]
[EventDate "2010.??.??"]

1. e4 c5 2. Nf3 Nc6 3. d4 cxd4 4. Nxd4 Nf6 5. Nc3 e5 6. Ndb5 d6 7. Bg5 a6 8.
Na3 b5 9. Bxf6 gxf6 10. Nd5 f5 11. c3 Bg7 12. exf5 Bxf5 13. Nc2 O-O 14. Nce3
Be6 15. Bd3 f5 16. O-O Ra7 17. a4 b4 18. Nxb4 Nxb4 19. cxb4 d5 20. Qb3 e4 21.
Be2 f4 22. Nc2 f3 23. gxf3 Be5 24. Kh1 Bxh2 25. Rg1+ Rg7 26. Rxg7+ Kxg7 27.
Kxh2 Qh4+ 28. Kg1 Rf6 29. Qc3 Kg8 30. Bd1 Bh3 31. Ne3 exf3 0-1

[Event "Cracovia 2010"]
[Site "Krakow"]
[Date "2010.12.27"]
[Round "1.14"]
[White "Dragun, Kamil"]
[Black "Adamowicz, Katarzyna"]
[Result "1-0"]
[WhiteElo "2407"]
[BlackElo "2139"]
[PlyCount "79"]
[EventDate "2010.??.??"]

1. e4 e5 2. Nf3 Nc6 3. Bb5 a6 4. Ba4 Nf6 5. O-O b5 6. Bb3 Be7 7. Re1 d6 8. c3
O-O 9. h3 Nb8 10. d4 Nbd7 11. a4 Bb7 12. Nbd2 c5 13. Bc2 Re8 14. Nf1 Bf8 15.
Ng3 g6 16. Bg5 h6 17. Bd2 c4 18. Be3 Kh7 19. Qd2 Qc7 20. Nh2 Rad8 21. f4 Bg7
22. Nf3 d5 23. Nxe5 Nxe5 24. fxe5 Nxe4 25. Nxe4 dxe4 26. Qf2 Qd7 27. Bf4 b4 28.
Bxe4 Bxe4 29. Rxe4 f5 30. Re2 Qd5 31. Qf3 Qa5 32. h4 Re6 33. h5 bxc3 34. bxc3
Rb8 35. d5 Reb6 36. e6 Rb1+ 37. Rxb1 Rxb1+ 38. Kh2 Qc5 39. hxg6+ Kxg6 40. e7
1-0

[Event "Cracovia 2010"]
[Site "Krakow"]
[Date "2010.12.27"]
[Round "1.15"]
[White "Gorbatenko, Kateryna"]
[Black "Nguyen, Piotr"]
[Result "1-0"]
[WhiteElo "2138"]
[BlackElo "2394"]
[PlyCount "78"]
[EventDate "2010.??.??"]

1. d4 c5 2. d5 g6 3. c4 Bg7 4. Nc3 Bxc3+ 5. bxc3 f5 6. Bf4 d6 7. Nf3 Qa5 8. Qc2
Nf6 9. Nd2 Nbd7 10. h3 Nb6 11. e3 Bd7 12. Bd3 O-O-O 13. O-O Rhg8 14. Bg5 Rde8
15. f3 Nh5 16. e4 Na4 17. Rac1 Qc7 18. Rfe1 Nb6 19. h4 f4 20. Nb1 e5 21. dxe6
Bxe6 22. Na3 a6 23. Qd2 Rgf8 24. Bf1 Nd7 25. Red1 Ne5 26. Rb1 Rf7 27. Rb2 Qa5
28. Rb3 Bd7 29. Rdb1 Bc6 30. R1b2 Qc7 31. Rb1 Rh8 32. Bh6 Qe7 33. Bg5 Qf8 34.
Nb5 axb5 35. cxb5 Be8 36. Ra3 Kb8 37. Qd1 b6 38. Qa4 d5 39. Qa8+ Kc7 1-0

[Event "Cracovia 2010"]
[Site "Krakow"]
[Date "2010.12.27"]
[Round "1.16"]
[White "Bobula, Mateusz"]
[Black "Bukhteeva, Viktoria"]
[Result "1-0"]
[WhiteElo "2393"]
[BlackElo "2136"]
[PlyCount "77"]
[EventDate "2010.??.??"]

1. d4 d5 2. c4 e6 3. Nc3 Nf6 4. Bg5 Be7 5. e3 O-O 6. Nf3 Nbd7 7. Rc1 a6 8. a3
dxc4 9. Bxc4 b5 10. Ba2 Bb7 11. O-O c5 12. Qe2 Qb6 13. Rfd1 Rfd8 14. d5 c4 15.
e4 h6 16. Bxf6 Nxf6 17. d6 Bf8 18. e5 Nd5 19. Nxd5 Bxd5 20. Bb1 Qb7 21. Nd4 g6
22. f4 Bg7 23. h4 h5 24. g4 Bh6 25. Rf1 f5 26. exf6 Qf7 27. g5 Bf8 28. Nf3 Bxf3
29. Rxf3 Bxd6 30. Re1 Re8 31. Be4 Rac8 32. Kg2 Bc5 33. Rd1 Kh7 34. Rff1 Kg8 35.
Rd2 c3 36. bxc3 Bxa3 37. Rfd1 Rc7 38. Rd8 Bf8 39. Bd5 1-0

[Event "Cracovia 2010"]
[Site "Krakow"]
[Date "2010.12.27"]
[Round "1.17"]
[White "Khalafova, Narmin Ilgar Qizi"]
[Black "Aliavdin, Nikolai"]
[Result "0-1"]
[WhiteElo "2130"]
[BlackElo "2377"]
[PlyCount "70"]
[EventDate "2010.??.??"]

1. e4 c5 2. Nf3 d6 3. d4 cxd4 4. Nxd4 Nf6 5. Nc3 a6 6. Bc4 e6 7. Bb3 b5 8. O-O
b4 9. Na4 Bd7 10. Re1 Nc6 11. f4 Qa5 12. c3 Be7 13. cxb4 Qxb4 14. Nc2 Qa5 15.
Be3 Rb8 16. Nc3 O-O 17. Nd4 Rfe8 18. Qf3 Qh5 19. Qxh5 Nxh5 20. Nxc6 Bxc6 21.
Rad1 Nf6 22. Bd4 Rb4 23. Bxf6 gxf6 24. f5 Bd7 25. h3 a5 26. Rd2 Reb8 27. Ree2
a4 28. Bd1 Bf8 29. a3 Rc4 30. g4 Rb6 31. Rd3 Bh6 32. Rf2 Bc1 33. Nxa4 Bxa4 34.
b3 Rxe4 35. Rc2 Bb5 0-1

[Event "Cracovia 2010"]
[Site "Krakow"]
[Date "2010.12.27"]
[Round "1.18"]
[White "Mikrut, Dariusz"]
[Black "Kireev, Andrey"]
[Result "1-0"]
[WhiteElo "2372"]
[BlackElo "2127"]
[PlyCount "111"]
[EventDate "2010.??.??"]

1. d4 Nf6 2. c4 e5 3. dxe5 Ng4 4. Bf4 Nc6 5. Nf3 Bb4+ 6. Nbd2 Qe7 7. e3 Ngxe5
8. Nxe5 Nxe5 9. Be2 O-O 10. O-O Ng6 11. Bg3 Bd6 12. Bxd6 Qxd6 13. Qc2 Qe7 14.
c5 d6 15. cxd6 Qxd6 16. Rfd1 Qe7 17. Nb3 c6 18. Rd4 Rd8 19. Rad1 Be6 20. Nc5
Rxd4 21. Rxd4 Bd5 22. b3 Re8 23. Bf1 b6 24. Nd3 Be4 25. f3 Bxd3 26. Rxd3 c5 27.
Qd2 Nf8 28. e4 c4 29. bxc4 Qc5+ 30. Qe3 Qxc4 31. Ra3 Qc7 32. Rc3 Qe5 33. Bc4
Ne6 34. g3 Qc5 35. Kf2 Rc8 36. Rc2 Kf8 37. Bb3 Qxc2+ 38. Bxc2 Rxc2+ 39. Kg1
Rxa2 40. f4 Ke7 41. f5 Nc5 42. Qg5+ Ke8 43. Qxg7 Nd7 44. e5 Re2 45. e6 fxe6 46.
f6 Kd8 47. f7 a5 48. f8=Q+ Nxf8 49. Qxf8+ Kc7 50. Qf7+ Kd6 51. Qxh7 Re5 52. h4
b5 53. h5 a4 54. h6 Re3 55. Kf2 Rc3 56. Qe4 1-0

[Event "Cracovia 2010"]
[Site "Krakow"]
[Date "2010.12.27"]
[Round "1.19"]
[White "Janus, Przemyslaw"]
[Black "Strzemiecki, Zbigniew"]
[Result "0-1"]
[WhiteElo "2126"]
[BlackElo "2367"]
[PlyCount "70"]
[EventDate "2010.??.??"]

1. d4 Nf6 2. c4 e6 3. Nc3 Bb4 4. e3 O-O 5. Nge2 b6 6. a3 Be7 7. Ng3 d5 8. Bd3
c5 9. dxc5 dxc4 10. Bxc4 Qxd1+ 11. Nxd1 bxc5 12. Nc3 Nc6 13. O-O Na5 14. Ba2
Rd8 15. f3 Rb8 16. Rf2 c4 17. Nf1 e5 18. e4 Bc5 19. Be3 Bd4 20. Rc1 Be6 21. Rd1
Kf8 22. Rfd2 Ke7 23. Na4 Bd7 24. Nc3 Be6 25. Na4 Bd7 26. Nc3 Be6 27. Na4 c3 28.
bxc3 Bxa2 29. Rxa2 Bxe3+ 30. Nxe3 Rxd1+ 31. Nxd1 Rb1 32. Nab2 Rc1 33. Kf1 Nd7
34. Ke1 Nc5 35. a4 Rc2 0-1

[Event "Cracovia 2010"]
[Site "Krakow"]
[Date "2010.12.27"]
[Round "1.20"]
[White "Grinev, Valeriy"]
[Black "Wiewiora, Eneasz"]
[Result "1-0"]
[WhiteElo "2361"]
[BlackElo "2118"]
[PlyCount "113"]
[EventDate "2010.??.??"]

1. d4 Nf6 2. c4 g6 3. Nc3 Bg7 4. e4 d6 5. Nf3 O-O 6. Be2 e5 7. O-O Nc6 8. d5
Ne7 9. b4 Nh5 10. Re1 Nf4 11. Bf1 a5 12. bxa5 Rxa5 13. a4 c5 14. Nd2 h6 15. Ra3
Ra6 16. Nb5 g5 17. g3 Nfg6 18. Qh5 Qd7 19. Bd3 g4 20. Nf1 Kh7 21. h3 Ng8 22.
Qxg4 Qxg4 23. hxg4 Bxg4 24. Ne3 Bc8 25. Nf5 Rd8 26. Be3 Bf8 27. Kg2 N6e7 28.
Nfxd6 Raxd6 29. Nxd6 Rxd6 30. Bxc5 Ra6 31. f4 Nf6 32. fxe5 Nd7 33. Bd6 Ng6 34.
c5 Ra5 35. e6 fxe6 36. dxe6 Nxc5 37. Bxf8 Nxd3 38. Rxd3 Bxe6 39. Bd6 Rxa4 40.
Kf3 b5 41. Rb1 Bc4 42. Ra3 Ne5+ 43. Ke3 Rxa3+ 44. Bxa3 Kg6 45. Bd6 Nf7 46. Bf4
Nd8 47. Kd4 Ne6+ 48. Ke5 h5 49. Be3 Nd8 50. Ra1 b4 51. Ra8 Nc6+ 52. Kd6 b3 53.
Bc1 Bd3 54. e5 Be4 55. e6 Kh7 56. e7 Nxe7 57. Ra7 1-0

[Event "Cracovia 2010"]
[Site "Krakow"]
[Date "2010.12.27"]
[Round "1.21"]
[White "Pirverdiyev, Aqil Kamran Oglu"]
[Black "Jasny, Stanislav"]
[Result "0-1"]
[WhiteElo "2116"]
[BlackElo "2351"]
[PlyCount "74"]
[EventDate "2010.??.??"]

1. e4 c5 2. Nf3 Nc6 3. d4 cxd4 4. Nxd4 e5 5. Nb5 d6 6. N1c3 a6 7. Na3 Be7 8.
Nd5 Nf6 9. Nxf6+ Bxf6 10. Nc4 O-O 11. Be3 b5 12. Bb6 Qe7 13. Ne3 Qb7 14. Nd5
Bd8 15. Be3 Be6 16. c3 Ne7 17. Nxe7+ Bxe7 18. Bd3 f5 19. Qc2 f4 20. Bd2 Bd8 21.
a4 b4 22. cxb4 Rc8 23. Bc3 Bb6 24. Qe2 Qa7 25. Bxa6 Bxf2+ 26. Qxf2 Qxa6 27. b5
Qb7 28. O-O Qxe4 29. Rfe1 Qb7 30. Bb4 e4 31. Rac1 e3 32. Qe2 Rxc1 33. Rxc1 Qe4
34. Bxd6 Rd8 35. Bc7 Rd2 36. Qf3 Rxg2+ 37. Qxg2 f3 0-1

[Event "Cracovia 2010"]
[Site "Krakow"]
[Date "2010.12.27"]
[Round "1.22"]
[White "Krzyzanowski, Marcin"]
[Black "Sadikhov, Ulvi Ramil Oglu"]
[Result "1-0"]
[WhiteElo "2342"]
[BlackElo "2115"]
[PlyCount "89"]
[EventDate "2010.??.??"]

1. e4 c5 2. Nf3 d6 3. d4 cxd4 4. Nxd4 Nf6 5. Nc3 a6 6. Bg5 Nbd7 7. f4 e5 8. Nf5
h6 9. Bxf6 Nxf6 10. fxe5 dxe5 11. Qxd8+ Kxd8 12. Ne3 Be6 13. O-O-O+ Kc7 14. Bc4
Bc5 15. Ned5+ Bxd5 16. Nxd5+ Nxd5 17. Bxd5 f6 18. Rd3 Rac8 19. h4 Kb8 20. h5
Rhe8 21. Rf1 Re7 22. Kd2 b5 23. a3 Rec7 24. c3 Rd8 25. Ke2 Rcd7 26. Rf5 Re7 27.
Kf3 Rd6 28. Kg4 Kc7 29. Rf1 Rdd7 30. Kf5 Re8 31. Rc1 Kb6 32. b4 Bf8 33. c4 bxc4
34. Rxc4 Rc7 35. Rxc7 Kxc7 36. Kg6 Kb6 37. Kf7 Rd8 38. Bc4 Rc8 39. Be6 Rb8 40.
Bd7 Rd8 41. Rd5 Kc7 42. Be6 Rb8 43. g4 Ra8 44. Rd7+ Kb6 45. Rb7+ 1-0

[Event "Cracovia 2010"]
[Site "Krakow"]
[Date "2010.12.27"]
[Round "1.23"]
[White "Izzat, Kanan Azar Oglu"]
[Black "Odnorozhenko, Evgenyi"]
[Result "1/2-1/2"]
[WhiteElo "2112"]
[BlackElo "2333"]
[PlyCount "120"]
[EventDate "2010.??.??"]

1. e4 c5 2. Nf3 Nc6 3. d4 cxd4 4. Nxd4 g6 5. Nc3 Bg7 6. Nb3 Bxc3+ 7. bxc3 Nf6
8. Bd3 d5 9. exd5 Qxd5 10. O-O O-O 11. Qe2 Bf5 12. Bf4 Bxd3 13. cxd3 e5 14. Bg5
Qd6 15. Nc5 Qxc5 16. Bxf6 Rfe8 17. Qd2 Re6 18. Bg5 f6 19. Be3 Qd6 20. f4 Rd8
21. f5 gxf5 22. Rxf5 Qxd3 23. Qf2 Qd1+ 24. Rxd1 Rxd1+ 25. Qf1 Rxf1+ 26. Rxf1
Rd6 27. Kf2 Kf7 28. Ke2 Ke6 29. g4 Rd7 30. h3 Rd5 31. Bf2 Ra5 32. Bh4 Rxa2+ 33.
Kd3 Rh2 34. Rxf6+ Kd5 35. c4+ Kc5 36. Bf2+ Kb4 37. Be1+ Kb3 38. Rh6 e4+ 39. Ke3
Kxc4 40. Rxh7 b5 41. g5 b4 42. Rc7 Kd5 43. g6 Rxh3+ 44. Kf4 Rf3+ 45. Kg5 Rf8
46. g7 Rg8 47. Kf6 a5 48. Kf7 Rxg7+ 49. Kxg7 a4 50. Bxb4 Nxb4 51. Ra7 e3 52.
Rxa4 e2 53. Ra1 Nc2 54. Rh1 Kd4 55. Kf6 Kd3 56. Kg7 Ke3 57. Rh3+ Ke4 58. Rh1
Kf3 59. Rc1 Kg3 60. Kh8 Kf2 1/2-1/2

[Event "Cracovia 2010"]
[Site "Krakow"]
[Date "2010.12.26"]
[Round "1.25"]
[White "Lewtak, Damian"]
[Black "Mertanen, Janne"]
[Result "1/2-1/2"]
[WhiteElo "2100"]
[BlackElo "2318"]
[PlyCount "62"]
[EventDate "2010.??.??"]

1. d4 Nf6 2. c4 c5 3. d5 e6 4. Nc3 exd5 5. cxd5 d6 6. e4 g6 7. f4 Bg7 8. Bb5+
Nfd7 9. a4 O-O 10. Nf3 Na6 11. O-O Nb4 12. Re1 a6 13. Bf1 Re8 14. Be3 Nf6 15.
Bf2 Bg4 16. Rc1 Nd7 17. h3 Bxf3 18. Qxf3 Rc8 19. e5 dxe5 20. f5 e4 21. Nxe4
Bxb2 22. fxg6 hxg6 23. Nd6 Ne5 24. Rxe5 Qxd6 25. Rxe8+ Rxe8 26. Bxc5 Qxd5 27.
Qxd5 Nxd5 28. Rb1 Rc8 29. Rxb2 Rxc5 30. Rxb7 Nc3 31. Bxa6 Nxa4 1/2-1/2

[Event "Cracovia 2010"]
[Site "Krakow"]
[Date "2010.12.27"]
[Round "1.26"]
[White "Hartikainen, Markku"]
[Black "Polok, Kacper"]
[Result "1-0"]
[WhiteElo "2314"]
[BlackElo "2089"]
[PlyCount "89"]
[EventDate "2010.??.??"]

1. e4 c5 2. c3 d6 3. d4 Nf6 4. Bd3 g6 5. Nf3 Bg7 6. O-O O-O 7. h3 Nc6 8. Re1 d5
9. e5 Ne4 10. Bxe4 dxe4 11. Rxe4 Bf5 12. Re1 cxd4 13. cxd4 Nb4 14. Na3 Rc8 15.
Bg5 h6 16. Be3 Qb6 17. Re2 Rfd8 18. Qd2 g5 19. b3 Qa6 20. Nc4 Bd3 21. Ree1 Bxc4
22. Qxb4 Bd5 23. Qxe7 Re8 24. Qb4 Qg6 25. Nh2 h5 26. Nf1 g4 27. hxg4 Qxg4 28.
f3 Bxf3 29. Qd2 Be4 30. Rac1 Qg6 31. Qf2 Bd5 32. Qg3 Qd3 33. Bf2 Qa6 34. Ne3
Be4 35. Nc4 Bg6 36. Nd6 Rxc1 37. Rxc1 Re6 38. a4 Qe2 39. Rc8+ Kh7 40. Rc7 Qd1+
41. Kh2 Kg8 42. Rxb7 Qe2 43. Be3 h4 44. Qxh4 Bf8 45. Rb8 1-0

[Event "Cracovia 2010"]
[Site "Krakow"]
[Date "2010.12.27"]
[Round "1.27"]
[White "Zadlo, Tomasz"]
[Black "Granovskiy, Alexandr"]
[Result "1/2-1/2"]
[WhiteElo "2081"]
[BlackElo "2312"]
[PlyCount "53"]
[EventDate "2010.??.??"]

1. e4 c5 2. c3 Nf6 3. e5 Nd5 4. d4 cxd4 5. Nf3 Nc6 6. cxd4 d6 7. Bc4 Nb6 8. Bb3
e6 9. Qe2 Be7 10. O-O O-O 11. Nc3 Bd7 12. a3 Na5 13. Bc2 Bc6 14. Qd3 g6 15.
exd6 Qxd6 16. Ng5 Rad8 17. Qh3 h5 18. Rd1 Nd7 19. b4 Nc4 20. Bb3 Bd5 21. Nge4
Qc6 22. Ba4 Qc7 23. Bh6 Rfe8 24. Rac1 a6 25. Bg5 b5 26. Bxe7 Rxe7 27. Bb3
1/2-1/2

[Event "Cracovia 2010"]
[Site "Krakow"]
[Date "2010.12.27"]
[Round "1.28"]
[White "Klim, Kamil"]
[Black "Stanach, Fabian"]
[Result "1-0"]
[WhiteElo "2302"]
[BlackElo "2080"]
[PlyCount "45"]
[EventDate "2010.??.??"]

1. d4 d6 2. Nf3 c6 3. e4 Bg4 4. h3 Bxf3 5. Qxf3 e5 6. Bc4 Nf6 7. dxe5 dxe5 8.
Bg5 Bb4+ 9. c3 Be7 10. Nd2 Nbd7 11. Be3 b5 12. Bb3 O-O 13. h4 Nc5 14. Bxc5 Bxc5
15. g4 Qd7 16. Rg1 Rad8 17. O-O-O Qe7 18. g5 Ne8 19. g6 hxg6 20. Rxg6 Qxh4 21.
Rh1 Qxf2 22. Qh5 Qxd2+ 23. Kb1 1-0

[Event "Cracovia 2010"]
[Site "Krakow"]
[Date "2010.12.27"]
[Round "1.29"]
[White "Krasiewicz, Robert"]
[Black "Rawicz, Karol"]
[Result "1/2-1/2"]
[WhiteElo "2055"]
[BlackElo "2300"]
[PlyCount "50"]
[EventDate "2010.??.??"]

1. d4 Nf6 2. c4 e6 3. Nf3 b6 4. g3 Bb7 5. Bg2 Bb4+ 6. Bd2 c5 7. O-O Bxd2 8.
Qxd2 cxd4 9. Nxd4 Bxg2 10. Kxg2 Qc7 11. b3 O-O 12. Nc3 Rd8 13. Rac1 Qb7+ 14.
Kg1 a6 15. Rfd1 d6 16. Qe3 Nbd7 17. Rd2 Rac8 18. Rcd1 Qc7 19. Nxe6 fxe6 20.
Qxe6+ Kf8 21. Rxd6 Nc5 22. Qe5 Rxd6 23. Rxd6 Nb7 24. Rxf6+ gxf6 25. Qxf6+ Qf7
1/2-1/2